Multiple Choice Fragen aller Welt - Statistiken

Allgemein
  • Dieses Quiz wurde 2.036 mal gespielt
    1.967 seit der letzten Aktualisierung
  • Das Durchschnittsergebnis liegt bei 9 aus 15
Antwortstatistiken
Frage Antwort % Korrekt
Welche Sportart gehört nicht zum Triathlon? Schießen
82%
Im Takt welchen Liedes sollte die Herzdruckmassage erfolgen? Stayin Alive - Bee Gees
80%
Durch was wird die Krankheit Borreliose übertragen? Zecken
76%
Wie heißt die berühmte Frauengestalt in “Faust I” ? Gretchen
73%
Was ist keine Sozialversicherung? Haftpflichtversicherung
64%
Wer war der Regisseur des Films "Titanic"? James Cameron
61%
In welchem Jahr wurde die Berliner Mauer erbaut? 1961
59%
Wo herrscht kein Linksverkehr? Island
58%
Wer hat das erste Auto gebaut? Karl Benz
52%
In welcher Einheit wird die elektrische Spannung angegeben? Volt
52%
Für was steht an der Börse der Bulle? Aufwärtstrend
49%
Was entsteht bei der Fotosynthese? Traubenzucker
44%
Wieviel Grad Fahrenheit entspricht 0 Grad Celsius? 32
43%
Ab welchem Alter ist die Nutzung von WhatsApp in der EU erlaubt? 16
36%
Was ist der längste Flug der Welt? New York - Singapur
34%
Keine übereinstimmenden Quizze gefunden
Verteilung der Resultate
Anzahl Personen mit jedem Resultat
Perzentil nach korrekt beantworteten Fragen
Ihre Resultats-Entwicklung
Sie haben dieses Quiz seit der letzten Aktualisierung nicht gespielt